COMMUNITY PSYCHOLOGY (Record no. 18496)

MARC details
000 -LEADER
fixed length control field 00355nam a22001577a 4500
003 - CONTROL NUMBER IDENTIFIER
control field SGT
020 ## - INTERNATIONAL STANDARD BOOK NUMBER
International Standard Book Number 978-1-1387-4497-4
082 ## - DEWEY DECIMAL CLASSIFICATION NUMBER
Classification number 362.2
Item number C14M
100 ## - MAIN ENTRY--PERSONAL NAME
Personal name MORITSUGU, JOHN
245 ## - TITLE STATEMENT
Title COMMUNITY PSYCHOLOGY
250 ## - EDITION STATEMENT
Edition statement 5TH
260 ## - PUBLICATION, DISTRIBUTION, ETC. (IMPRINT)
Place of publication, distribution, etc LONDON
Name of publisher, distributor, etc ROUTLEDGE PUB
Year of Publication 2014
300 ## - PAGE DESCRIPTION
No. of Pages 388
650 ## - SUBJECT ADDED ENTRY--TOPICAL TERM
Topical term or geographic name as entry element COMMUNITY PSYCHOLOGY
942 ## - ADDED ENTRY ELEMENTS (KOHA)
Source of classification or shelving scheme Dewey Decimal Classification
Koha item type Books
942 ## - ADDED ENTRY ELEMENTS (KOHA)
-- 12
Holdings
Withdrawn status Lost status Source of classification or shelving scheme Damaged status Not for loan Collection code Home library Current library Shelving location Date acquired Vendor Name Cost, normal purchase price SGTU Bill Number Full call number Accession No. (Barcode) Date last seen Bill Date Koha item type Total Checkouts Date last borrowed
    Dewey Decimal Classification     MEDICAL SGT Engineering Library SGT Engineering Library Text Book 16/07/2019 ABC DELHI 895.00 SGTU 11169 362.2 C14M FM11477 05/09/2025 16/07/2019 Books 6 05/09/2025
    Dewey Decimal Classification     MEDICAL SGT Engineering Library SGT Engineering Library Text Book 16/07/2019 ABC DELHI 895.00 SGTU 11169 362.2 C14M FM11479 20/01/2026 16/07/2019 Books 6 20/01/2026
    Dewey Decimal Classification     MEDICAL SGT Engineering Library SGT Engineering Library Text Book 16/07/2019 ABC DELHI 895.00 SGTU 11169 362.2 C14M FM11480 12/09/2025 16/07/2019 Books 6 01/09/2025
    Dewey Decimal Classification   Not For Loan MEDICAL SGT Medical Library SGT Medical Library Text Book 16/07/2019 ABC DELHI 895.00 SGTU 11169 362.2 C14M FM11476 16/07/2019 16/07/2019 Books    
    Dewey Decimal Classification   Not For Loan MEDICAL SGT Medical Library SGT Medical Library Text Book 16/07/2019 ABC DELHI 895.00 SGTU 11169 362.2 C14M FM11478 03/09/2019 16/07/2019 Books 1 16/08/2019